| 000 | 00613nam a2200229Ia 4500 | ||
|---|---|---|---|
| 003 | OSt | ||
| 005 | 20230517115640.0 | ||
| 008 | 210423s2011 xx 000 0 und d | ||
| 020 | _a9780321673879 | ||
| 040 | _cAL | ||
| 041 | _aeng | ||
| 082 |
_a576 CAPJ _223 |
||
| 100 |
_aCAPPUCCINO (James G);SHERMAN (Natalie). _9106563 |
||
| 245 | _aMicrobiology: a laboratory manual. | ||
| 250 | _a9 | ||
| 260 |
_aNew Delhi _bPearson Benjamin Cummings _c2011 |
||
| 300 |
_axvi,544 _bPB |
||
| 365 |
_b4508 _cINR |
||
| 650 |
_aMicrobiology _9106564 |
||
| 906 | _alaboratory ; manual. ; Microbiology: | ||
| 942 |
_2ddc _cBK |
||
| 999 |
_c164893 _d164893 |
||